| 000 | 00445nam a22001697a 4500 | ||
|---|---|---|---|
| 003 | CEME | ||
| 005 | 20210628203148.0 | ||
| 008 | 210203b xxu||||| |||| 00| 0 eng d | ||
| 020 | _a978047014780 | ||
| 040 | _c. | ||
| 082 | _a657.45 BIE | ||
| 100 |
_aBiegelman, Martin T , Biegelman, Daniel _963711 |
||
| 245 | _aBuilding a world-class compliance program | ||
| 260 |
_aUSA _bJOHN WILEY & SONS _c2008 |
||
| 300 | _aXX, 288P | ||
| 942 |
_cBK _2ddc |
||
| 999 |
_c572444 _d572444 |
||